[Event "London Classic op U1825 8th"]
[Site "London"]
[Date "2016.12.11"]
[Round "5"]
[White "Fukui, Nao"]
[Black "Mason, Ian"]
[Result "1/2-1/2"]
[WhiteElo "1368"]
[BlackElo "1585"]
[PlyCount "46"]
[EventDate "2016.12.09"]
[EventType "swiss"]
[EventRounds "5"]
[EventCountry "ENG"]
[SourceTitle "EXT 2019"]
[Source "ChessBase"]
[SourceDate "2018.10.10"]
[SourceVersion "1"]
[SourceVersionDate "2018.10.10"]
[SourceQuality "1"]

1. d4 Nf6 2. c4 e6 3. Nf3 d5 4. g3 Bb4+ 5. Bd2 Be7 6. e3 0-0 7. Bg2 c6 8. 0-0 Nbd7 9. Nc3 b6 10. Qc2 Ba6 11. b3 dxc4 12. Rfe1 cxb3 13. axb3 Bb7 14. e4 c5 15. e5 Nd5 16. Ne4 h6 17. dxc5 Nxc5 18. Nxc5 Bxc5 19. Re4 Rc8 20. Qd3 a5 21. Rh4 Ne7 22. Qe2 Ng6 23. Rh5 Qe7 1/2-1/2

[Event "London Classic op U1825 8th"]
[Site "London"]
[Date "2016.12.10"]
[Round "3"]
[White "Moran, Joe"]
[Black "Fukui, Nao"]
[Result "0-1"]
[WhiteElo "1652"]
[BlackElo "1368"]
[PlyCount "42"]
[EventDate "2016.12.09"]
[EventType "swiss"]
[EventRounds "5"]
[EventCountry "ENG"]
[SourceTitle "EXT 2019"]
[Source "ChessBase"]
[SourceDate "2018.10.10"]
[SourceVersion "1"]
[SourceVersionDate "2018.10.10"]
[SourceQuality "1"]

1. e4 e5 2. Nf3 Nc6 3. d4 exd4 4. Nxd4 Bc5 5. Nxc6 Qf6 6. Qf3 Qxc6 7. Bc4 Bxf2+ 8. Qxf2 Qxc4 9. Nc3 d6 10. h3 Nf6 11. Be3 Nxe4 12. Nxe4 Qxe4 13. 0-0-0 Be6 14. Bf4 0-0 15. b3 a5 16. Rde1 Qc6 17. Kb1 a4 18. Re2 axb3 19. cxb3 Bf5+ 20. Ka1 Qc3+ 21. Rb2 Rxa2+ 0-1